000 00507nam a2200205Ia 4500
003 GCL
008 140319s9999 xx 000 0 eng d
040 _aGCL /
_cGCL
082 0 4 _aCH
_b823.87
_bG G
100 1 _aGRIMM, JAKOB
245 1 0 _aTHE GOOSE GIRL /
_cGRIMM, JAKOB
700 1 _aGRIMM, WILHELM
700 1 _aPERRET, PAUL
260 _a[S.N] :
_bCREATIVE EDUCATION ،
_c1984
300 _a32 P
650 0 4 _aCHILDREN - LITERATURE
650 0 4 _aCHILDREN
650 0 4 _aNOVELS
942 _2ddc
_cBK
999 _c13642
_d13642